Sports Quiz

Random Sports Quiz

AFCA Coaches of the Year Quiz Stats

 Plays Quiz not verified by Sporcle

Score 0/78 Timer 15:00
0 Plays Today
Year Name % Correct
1968Joe Paterno
100%
1978Joe Paterno
100%
1982Joe Paterno
100%
1986Joe Paterno
100%
1992Gene Stallings
100%
1997Lloyd Carr
100%
2000Bob Stoops
100%
2002Jim Tressel
100%
2005Joe Paterno
100%
1957Woody Hayes
95.5%
1961Bear Bryant
95.5%
1971Bear Bryant
95.5%
1973Bear Bryant
95.5%
1994Tom Osborne
95.5%
1998Phil Fulmer
95.5%
1999Frank Beamer
95.5%
2003Pete Carroll
95.5%
2001- tieRalph Friedgen
95.5%
1980Vince Dooley
90.9%
2001- tieLarry Coker
90.9%
2007Mark Mangino
90.9%
2009Gary Patterson
90.9%
1976Johnny Majors
86.4%
1993Barry Alvarez
86.4%
2004Tommy Tuberville
86.4%
1964- tieAra Parseghian
86.4%
1963Darrell Royal
81.8%
1969Bo Schembechler
81.8%
1984LaVell Edwards
81.8%
1990Bobby Ross
81.8%
1970- tieDarrell Royal
81.8%
1989Bill McCartney
77.3%
1995Gary Barnett
77.3%
2006Jim Grobe
72.7%
1977Don James
68.2%
1979Earle Bruce
68.2%
1981Danny Ford
68.2%
1988Don Nehlen
68.2%
1987Dick MacPherson
63.6%
Year Name % Correct
1949Bud Wilkinson
59.1%
1962John McKay
59.1%
1964- tieFrank Broyles
59.1%
1972John McKay
59.1%
1975Frank Kush
59.1%
1985Fisher DeBerry
59.1%
1970- tieCharlie McClendon
54.5%
1996Bruce Snyder
54.5%
2008Kyle Whittingham
54.5%
1955Duffy Daugherty
50%
1946Red Blaik
45.5%
1941Frank Leahy
40.9%
1943Amos Alonzo Stagg
36.4%
1958Paul Dietzel
36.4%
1974Grant Teaff
36.4%
1947Fritz Crisler
31.8%
1952Biggie Munn
31.8%
1948Bennie Oosterbaan
27.3%
1960Murray Warmath
27.3%
1983Ken Hatfield
27.3%
1991Bill Lewis
22.7%
1939Eddie Anderson
18.2%
1953James Tatum
18.2%
1959Ben Schwartzwalder
18.2%
1967John Pont
18.2%
1935Pappy Waldorf
13.6%
1956Bowden Wyatt
13.6%
1936Dick Harlow
9.1%
1937Ed Mylin
9.1%
1940Clark Shaughnessy
9.1%
1944Carroll Widdoes
9.1%
1945Bo McMillin
9.1%
1951Charles Taylor
9.1%
1954Red Sanders
9.1%
1965Tommy Prothro
9.1%
1938Bill Kern
4.5%
1942Bill Alexander
4.5%
1950Charles Caldwell
4.5%
1966Tom Cahill
4.5%

You're not logged in!

Compare scores with friends on all Sporcle quizzes.
OR
Log In

Show Comments

Extras

Created Oct 18, 2010ReportNominate
Tags:coach, school

Top Quizzes Today


Score Distribution

Your Account Isn't Verified!

In order to create a playlist on Sporcle, you need to verify the email address you used during registration. Go to your Sporcle Settings to finish the process.

Report this User

Report this user for behavior that violates our Community Guidelines.

Details: